[Event "XLIV Memoriał Szachowy Ludwika Zamenhofa 2025, Grupa A"]
[Site "Białystok, Poland"]
[Date "2025.12.29"]
[Round "5.14"]
[White "Lecki, Leonard"]
[Black "Kokoszczynski, Jan"]
[Result "1/2-1/2"]
[TimeControl "90'+30\""]
[WhiteElo "2194"]
[BlackElo "2275"]

1. c4 {[%clk 01:27:04]} {[%emt 00:03:55]} c5 {[%clk 01:28:37]} {[%emt
00:02:23]} 2. Nf3 {[%clk 01:26:29]} {[%emt 00:01:04]} Nc6 {[%clk 01:27:22]}
{[%emt 00:01:46]} 3. g3 {[%clk 01:26:22]} {[%emt 00:00:37]} g6 {[%clk
01:27:34]} {[%emt 00:00:18]} 4. Bg2 {[%clk 01:26:45]} {[%emt 00:00:06]} Bg7
{[%clk 01:24:22]} {[%emt 00:03:42]} 5. Nc3 {[%clk 01:27:10]} {[%emt 00:00:06]}
d6 {[%clk 01:24:09]} {[%emt 00:00:43]} 6. O-O {[%emt 00:01:41]} Bf5 {[%clk
01:23:24]} {[%emt 00:01:13]} 7. d3 {[%clk 01:17:05]} {[%emt 00:09:26]} Qd7
{[%clk 01:22:51]} {[%emt 00:01:02]} 8. e3 {[%clk 01:16:09]} {[%emt 00:01:27]}
Bh3 {[%clk 01:07:55]} {[%emt 00:15:26]} 9. Nd5 {[%clk 01:04:27]} {[%emt
00:12:12]} Bxg2 {[%clk 01:06:55]} {[%emt 00:01:30]} 10. Kxg2 {[%clk 01:02:13]}
{[%emt 00:02:44]} e6 {[%clk 01:06:53]} {[%emt 00:00:31]} 11. Nc3 {[%clk
01:02:18]} {[%emt 00:00:25]} Nge7 {[%clk 01:06:39]} {[%emt 00:00:44]} 12. d4
{[%clk 00:44:35]} {[%emt 00:18:15]} cxd4 {[%clk 01:02:24]} {[%emt 00:04:44]} 13.
exd4 {[%clk 00:43:22]} {[%emt 00:01:43]} d5 {[%clk 01:02:39]} {[%emt 00:00:13]}
14. cxd5 {[%clk 00:43:36]} {[%emt 00:00:17]} Nxd5 {[%clk 01:01:21]} {[%emt
00:01:48]} 15. Ne4 {[%clk 00:40:35]} {[%emt 00:03:31]} O-O {[%clk 01:00:17]}
{[%emt 00:01:34]} 16. Nc5 {[%clk 00:39:46]} {[%emt 00:01:20]} Qc7 {[%clk
00:59:36]} {[%emt 00:01:11]} 17. Be3 {[%clk 00:38:48]} {[%emt 00:01:27]} Rac8
{[%clk 00:52:44]} {[%emt 00:07:22]} 18. Rc1 {[%clk 00:37:25]} {[%emt 00:01:54]}
b6 {[%clk 00:51:47]} {[%emt 00:01:27]} 19. Ne4 {[%clk 00:30:44]} {[%emt
00:07:11]} Qd7 {[%clk 00:50:10]} {[%emt 00:02:06]} 20. Qa4 {[%clk 00:26:20]}
{[%emt 00:04:55]} Rc7 {[%clk 00:44:29]} {[%emt 00:06:10]} 21. Rfd1 {[%clk
00:19:48]} {[%emt 00:07:02]} Rfc8 {[%clk 00:43:36]} {[%emt 00:01:23]} 22. Qb5
{[%clk 00:18:26]} {[%emt 00:01:53]} h6 {[%clk 00:39:35]} {[%emt 00:04:31]} 23.
Nc3 {[%clk 00:15:45]} {[%emt 00:03:11]} Nxe3+ {[%clk 00:22:14]} {[%emt
00:17:51]} 24. fxe3 {[%clk 00:16:08]} {[%emt 00:00:06]} Ne5 {[%clk 00:21:51]}
{[%emt 00:00:53]} 25. Qxd7 {[%clk 00:15:15]} {[%emt 00:01:24]} Nxd7 {[%clk
00:19:30]} {[%emt 00:02:51]} 26. Ne2 {[%clk 00:15:10]} {[%emt 00:00:34]} e5
{[%clk 00:14:45]} {[%emt 00:05:15]} 27. dxe5 {[%clk 00:11:41]} {[%emt
00:04:00]} Nxe5 {[%clk 00:14:17]} {[%emt 00:00:58]} 28. Rxc7 {[%clk 00:07:57]}
{[%emt 00:04:14]} Rxc7 {[%clk 00:14:43]} {[%emt 00:00:04]} 29. Rd8+ {[%clk
00:08:25]} {[%emt 00:00:02]} Kh7 {[%clk 00:15:08]} {[%emt 00:00:04]} 30. Nxe5
{[%clk 00:08:50]} {[%emt 00:00:06]} Bxe5 {[%clk 00:15:33]} {[%emt 00:00:05]} 31.
Rd2 {[%clk 00:09:05]} {[%emt 00:00:14]} Kg7 {[%clk 00:14:52]} {[%emt 00:01:11]}
32. Nf4 {[%clk 00:07:36]} {[%emt 00:01:59]} h5 {[%clk 00:13:55]} {[%emt
00:01:27]} 33. Kf3 {[%clk 00:07:16]} {[%emt 00:00:50]} Bf6 {[%clk 00:05:35]}
{[%emt 00:08:50]} 34. Ke4 {[%emt 00:00:17]} 1/2-1/2

[Event "XLIV Memoriał Szachowy Ludwika Zamenhofa 2025, Grupa A"]
[Site "Białystok, Poland"]
[Date "2025.12.29"]
[Round "5.15"]
[White "Backiel, Hubert"]
[Black "Rajbharath, Harjith"]
[Result "0-1"]
[TimeControl "90'+30\""]
[WhiteElo "2258"]
[BlackElo "2002"]

1. e4 {[%clk 01:25:34]} {[%emt 00:05:10]} e6 {[%clk 01:30:11]} {[%emt
00:01:05]} 2. d4 {[%clk 01:25:58]} {[%emt 00:00:05]} d5 {[%clk 01:30:36]}
{[%emt 00:00:05]} 3. Nc3 {[%clk 01:26:24]} {[%emt 00:00:04]} Nf6 {[%clk
01:30:59]} {[%emt 00:00:07]} 4. e5 {[%clk 01:26:49]} {[%emt 00:00:05]} Nfd7
{[%clk 01:31:25]} {[%emt 00:00:04]} 5. f4 {[%clk 01:27:14]} {[%emt 00:00:06]}
c5 {[%clk 01:31:52]} {[%emt 00:00:03]} 6. Nf3 {[%clk 01:27:39]} {[%emt
00:00:04]} Nc6 {[%clk 01:32:18]} {[%emt 00:00:04]} 7. Be3 {[%clk 01:28:04]}
{[%emt 00:00:05]} a6 {[%clk 01:32:45]} {[%emt 00:00:04]} 8. a3 {[%clk
01:28:25]} {[%emt 00:00:08]} cxd4 {[%clk 01:23:49]} {[%emt 00:09:26]} 9. Nxd4
{[%clk 01:28:15]} {[%emt 00:00:40]} Nxd4 {[%clk 01:16:30]} {[%emt 00:07:49]} 10.
Bxd4 {[%clk 01:27:24]} {[%emt 00:01:21]} Bc5 {[%clk 01:11:25]} {[%emt
00:05:36]} 11. Bxc5 {[%clk 01:26:16]} {[%emt 00:01:37]} Nxc5 {[%clk 01:11:51]}
{[%emt 00:00:05]} 12. b4 {[%clk 01:26:39]} {[%emt 00:00:06]} Nd7 {[%clk
01:11:09]} {[%emt 00:01:12]} 13. Bd3 {[%clk 01:26:18]} {[%emt 00:00:51]} Qc7
{[%clk 01:01:00]} {[%emt 00:10:39]} 14. Ne2 {[%clk 01:23:25]} {[%emt 00:03:22]}
Nb6 {[%clk 00:59:34]} {[%emt 00:01:57]} 15. O-O {[%clk 01:21:37]} {[%emt
00:02:16]} Bd7 {[%clk 00:57:32]} {[%emt 00:02:34]} 16. Kh1 {[%clk 01:12:06]}
{[%emt 00:10:01]} Nc4 {[%clk 00:53:12]} {[%emt 00:04:51]} 17. Rf3 {[%clk
01:01:11]} {[%emt 00:11:24]} Nb2 {[%clk 00:40:00]} {[%emt 00:13:42]} 18. Qg1
{[%clk 00:53:19]} {[%emt 00:08:21]} Nxd3 {[%clk 00:36:28]} {[%emt 00:04:03]} 19.
cxd3 {[%emt 00:03:22]} Rc8 {[%clk 00:33:51]} 20. Rc1 {[%clk 00:43:06]} {[%emt
00:10:56]} Qb8 {[%clk 00:31:13]} {[%emt 00:03:09]} 21. Rff1 {[%clk 00:42:14]}
{[%emt 00:01:22]} O-O {[%clk 00:30:19]} {[%emt 00:01:24]} 22. Qd4 {[%clk
00:40:18]} {[%emt 00:02:26]} Rxc1 {[%clk 00:28:33]} {[%emt 00:02:16]} 23. Rxc1
{[%clk 00:40:42]} {[%emt 00:00:06]} Rc8 {[%clk 00:28:53]} {[%emt 00:00:11]} 24.
Rc3 {[%clk 00:40:16]} {[%emt 00:00:56]} Rxc3 {[%clk 00:27:23]} 25. Nxc3 {[%clk
00:39:52]} {[%emt 00:02:54]} Qc7 {[%clk 00:26:12]} {[%emt 00:01:41]} 26. h3
{[%clk 00:38:09]} {[%emt 00:02:12]} h6 {[%clk 00:24:40]} {[%emt 00:02:03]} 27.
Kg1 {[%clk 00:35:36]} {[%emt 00:03:02]} a5 {[%clk 00:22:16]} {[%emt 00:02:55]}
28. Kf2 {[%clk 00:17:21]} {[%emt 00:18:44]} axb4 {[%clk 00:21:08]} {[%emt
00:01:38]} 29. Qxb4 {[%clk 00:16:25]} {[%emt 00:01:26]} Qc6 {[%clk 00:14:49]}
{[%emt 00:06:50]} 30. Ke3 {[%clk 00:15:42]} {[%emt 00:01:13]} b6 {[%clk
00:13:10]} {[%emt 00:02:09]} 31. Kd4 {[%clk 00:14:17]} {[%emt 00:01:55]} Qc7
{[%clk 00:08:56]} {[%emt 00:04:45]} 32. g3 {[%clk 00:09:16]} {[%emt 00:05:31]}
g5 {[%clk 00:07:33]} {[%emt 00:01:54]} 33. fxg5 {[%clk 00:05:55]} {[%emt
00:03:50]} hxg5 {[%clk 00:06:53]} {[%emt 00:01:09]} 34. Qe7 {[%clk 00:06:20]}
{[%emt 00:00:05]} b5 {[%clk 00:07:14]} {[%emt 00:00:10]} 35. Qc5 {[%clk
00:03:58]} {[%emt 00:02:51]} Qb8 {[%clk 00:07:14]} {[%emt 00:00:30]} 36. Qe7
{[%clk 00:03:28]} {[%emt 00:01:00]} Qb6+ {[%clk 00:07:35]} {[%emt 00:00:09]} 37.
Qc5 {[%clk 00:03:55]} {[%emt 00:00:04]} Qb8 {[%clk 00:07:59]} {[%emt 00:00:05]}
38. Ne2 {[%clk 00:03:45]} {[%emt 00:00:40]} Qd8 {[%clk 00:06:26]} {[%emt
00:02:03]} 39. g4 {[%clk 00:03:17]} {[%emt 00:00:59]} f6 {[%clk 00:06:11]}
{[%emt 00:00:45]} 40. Ng3 {[%clk 00:00:55]} {[%emt 00:02:52]} Kf7 {[%clk
00:05:39]} {[%emt 00:01:02]} 41. Qd6 {[%clk 00:00:39]} {[%emt 00:00:46]} fxe5+
{[%clk 00:05:40]} {[%emt 00:00:30]} 42. Qxe5 {[%clk 00:01:07]} {[%emt
00:00:01]} Qb6+ {[%clk 00:04:36]} {[%emt 00:01:33]} 43. Kc3 {[%clk 00:01:36]}
{[%emt 00:00:02]} Qa5+ {[%clk 00:04:29]} {[%emt 00:00:36]} 44. Kb3 {[%clk
00:00:51]} {[%emt 00:01:15]} Qa4+ {[%clk 00:03:27]} {[%emt 00:01:33]} 45. Kb2
{[%clk 00:01:20]} {[%emt 00:00:01]} b4 {[%emt 00:01:47]} 46. axb4 {[%clk
00:01:10]} Qxb4+ {[%clk 00:03:14]} {[%emt 00:00:05]} 47. Kc1 {[%clk 00:01:38]}
{[%emt 00:00:02]} Qf4+ {[%clk 00:03:30]} {[%emt 00:00:15]} 48. Qxf4+ {[%clk
00:02:02]} {[%emt 00:00:06]} gxf4 {[%clk 00:03:58]} {[%emt 00:00:02]} 49. Nh5
{[%clk 00:01:46]} {[%emt 00:00:45]} e5 {[%clk 00:03:33]} {[%emt 00:00:56]} 50.
d4 {[%clk 00:01:37]} {[%emt 00:00:39]} f3 {[%clk 00:03:08]} {[%emt 00:00:55]}
51. Kd2 {[%clk 00:01:02]} {[%emt 00:01:05]} exd4 {[%clk 00:03:33]} {[%emt
00:00:06]} 52. Nf4 {[%clk 00:01:06]} {[%emt 00:00:25]} Kf6 {[%clk 00:02:47]}
{[%emt 00:01:16]} 53. Ke1 {[%clk 00:01:03]} {[%emt 00:00:32]} Ke5 {[%clk
00:02:31]} {[%emt 00:00:46]} 54. Nd3+ {[%clk 00:00:47]} {[%emt 00:00:46]} Ke4
{[%clk 00:02:25]} {[%emt 00:00:37]} 55. Nc5+ {[%clk 00:00:33]} {[%emt
00:00:44]} Ke3 {[%clk 00:02:50]} {[%emt 00:00:05]} 56. Nxd7 {[%clk 00:00:43]}
{[%emt 00:00:19]} f2+ {[%clk 00:03:14]} {[%emt 00:00:07]} 57. Kf1 {[%clk
00:01:07]} {[%emt 00:00:06]} d3 {[%clk 00:03:36]} {[%emt 00:00:08]} 58. Nf6
{[%clk 00:00:51]} {[%emt 00:00:45]} d2 {[%clk 00:04:00]} {[%emt 00:00:06]} 59.
Nxd5+ {[%clk 00:01:13]} {[%emt 00:00:08]} Kd4 {[%clk 00:04:25]} {[%emt
00:00:04]} 60. Nf4 {[%clk 00:00:36]} {[%emt 00:01:08]} d1=Q+ {[%clk 00:04:41]}
{[%emt 00:00:13]} 61. Kxf2 {[%clk 00:01:05]} {[%emt 00:00:02]} Qd2+ {[%clk
00:04:59]} {[%emt 00:00:12]} 62. Kg3 {[%clk 00:00:33]} {[%emt 00:01:03]} Qe3+
{[%clk 00:05:25]} {[%emt 00:00:04]} 63. Kh4 {[%clk 00:00:57]} {[%emt 00:00:05]}
Qxf4 {[%emt 00:00:14]} 64. Kh5 {[%clk 00:01:21]} Ke5 {[%clk 00:05:47]} {[%emt
00:00:27]} 65. h4 {[%clk 00:01:46]} {[%emt 00:00:08]} Kf6 {[%clk 00:06:00]}
{[%emt 00:00:16]} 66. g5+ {[%clk 00:02:09]} {[%emt 00:00:07]} Kg7 {[%clk
00:06:26]} {[%emt 00:00:05]} 67. g6 {[%clk 00:02:34]} {[%emt 00:00:04]} Qf5#
{[%clk 00:06:53]} {[%emt 00:00:04]} 0-1

[Event "XLIV Memoriał Szachowy Ludwika Zamenhofa 2025, Grupa A"]
[Site "Białystok, Poland"]
[Date "2025.12.29"]
[Round "5.16"]
[White "Korszanski, Stanislaw"]
[Black "Kaczmarek, Arkadiusz"]
[Result "1-0"]
[TimeControl "90'+30\""]
[WhiteElo "2187"]
[BlackElo "2062"]

1. e4 {[%clk 01:26:47]} {[%emt 00:04:13]} c5 {[%clk 01:30:47]} {[%emt
00:00:14]} 2. Nf3 {[%clk 01:26:56]} {[%emt 00:00:20]} Nc6 {[%clk 01:31:02]}
{[%emt 00:00:15]} 3. d4 {[%clk 01:27:21]} {[%emt 00:00:05]} cxd4 {[%clk
01:31:14]} {[%emt 00:00:19]} 4. Nxd4 {[%clk 01:27:43]} {[%emt 00:00:07]} g6
{[%clk 01:31:28]} {[%emt 00:00:15]} 5. c4 {[%clk 01:27:58]} {[%emt 00:00:17]}
Nf6 {[%clk 01:31:38]} {[%emt 00:00:19]} 6. Nc3 {[%clk 01:28:22]} {[%emt
00:00:06]} Nxd4 {[%clk 01:31:50]} {[%emt 00:00:18]} 7. Qxd4 {[%clk 01:28:47]}
{[%emt 00:00:05]} d6 {[%clk 01:32:03]} {[%emt 00:00:17]} 8. f3 {[%clk
01:28:56]} {[%emt 00:00:22]} Bg7 {[%clk 01:32:19]} {[%emt 00:00:13]} 9. Be3
{[%clk 01:29:21]} {[%emt 00:00:05]} O-O {[%clk 01:32:30]} {[%emt 00:00:19]} 10.
Qd2 {[%clk 01:29:46]} {[%emt 00:00:05]} a5 {[%clk 01:32:38]} {[%emt 00:00:22]}
11. Na4 {[%clk 01:29:41]} {[%emt 00:00:35]} Be6 {[%clk 01:32:49]} {[%emt
00:00:18]} 12. Nb6 {[%clk 01:29:16]} {[%emt 00:00:57]} Rb8 {[%clk 01:33:02]}
{[%emt 00:00:16]} 13. Qxa5 {[%clk 01:29:28]} {[%emt 00:00:18]} Nd7 {[%clk
01:33:15]} {[%emt 00:00:17]} 14. Qb4 {[%clk 01:22:15]} {[%emt 00:07:44]} f5
{[%clk 01:33:23]} {[%emt 00:00:22]} 15. Nxd7 {[%clk 01:19:32]} {[%emt
00:03:13]} Bxd7 {[%clk 01:31:55]} {[%emt 00:01:57]} 16. Bb6 {[%clk 01:17:31]}
{[%emt 00:02:32]} Qc8 {[%clk 01:30:11]} {[%emt 00:02:13]} 17. Bd3 {[%clk
01:07:37]} {[%emt 00:10:24]} fxe4 {[%clk 01:19:12]} {[%emt 00:11:28]} 18. Bxe4
{[%clk 01:06:59]} {[%emt 00:01:09]} Bc6 {[%clk 01:19:21]} {[%emt 00:00:21]} 19.
O-O {[%clk 00:52:57]} {[%emt 00:14:32]} Bxe4 {[%clk 01:05:00]} {[%emt
00:14:51]} 20. fxe4 {[%clk 00:53:14]} {[%emt 00:00:14]} Qg4 {[%clk 01:05:11]}
{[%emt 00:00:18]} 21. c5 {[%clk 00:43:34]} {[%emt 00:10:11]} d5 {[%clk
00:56:40]} {[%emt 00:09:00]} 22. Rfe1 {[%clk 00:41:07]} {[%emt 00:02:57]} Rf3
{[%clk 00:36:33]} {[%emt 00:20:38]} 23. Qd2 {[%clk 00:29:38]} {[%emt 00:11:58]}
Rbf8 {[%clk 00:28:41]} {[%emt 00:08:22]} 24. c6 {[%clk 00:24:04]} {[%emt
00:06:05]} dxe4 {[%clk 00:10:23]} {[%emt 00:18:47]} 25. cxb7 {[%clk 00:24:04]}
{[%emt 00:00:30]} Rd3 {[%clk 00:09:12]} {[%emt 00:01:39]} 26. Qc2 {[%clk
00:21:57]} {[%emt 00:02:39]} Qd7 {[%clk 00:03:15]} {[%emt 00:06:27]} 27. Qc4+
{[%clk 00:17:09]} {[%emt 00:05:19]} Kh8 {[%clk 00:02:20]} {[%emt 00:01:24]} 28.
Qxe4 {[%clk 00:16:42]} {[%emt 00:00:57]} Rd2 {[%clk 00:02:01]} {[%emt
00:00:48]} 29. Ba7 {[%clk 00:16:19]} {[%emt 00:00:54]} Rxb2 {[%clk 00:00:49]}
{[%emt 00:01:42]} 30. Rab1 {[%clk 00:16:21]} {[%emt 00:00:29]} Rxb1 {[%clk
00:00:34]} {[%emt 00:00:45]} 31. Rxb1 {[%clk 00:16:43]} {[%emt 00:00:07]} 1-0

[Event "XLIV Memoriał Szachowy Ludwika Zamenhofa 2025, Grupa A"]
[Site "Białystok, Poland"]
[Date "2025.12.29"]
[Round "5.17"]
[White "Praczukowski, Stanislaw"]
[Black "Paprocki, Jaroslaw"]
[Result "1/2-1/2"]
[TimeControl "90'+30\""]
[WhiteElo "2155"]
[BlackElo "2096"]

1. d4 {[%clk 01:30:57]} {[%emt 00:00:03]} d5 {[%clk 01:30:24]} {[%emt
00:00:36]} 2. c4 {[%clk 01:30:30]} {[%emt 00:00:57]} c6 {[%clk 01:30:49]}
{[%emt 00:00:05]} 3. Nc3 {[%clk 01:30:17]} {[%emt 00:00:44]} Nf6 {[%clk
01:30:18]} {[%emt 00:01:01]} 4. e3 {[%clk 01:29:58]} {[%emt 00:00:48]} a6
{[%clk 01:26:49]} {[%emt 00:03:59]} 5. Nf3 {[%clk 01:29:01]} {[%emt 00:01:27]}
e6 {[%clk 01:24:29]} {[%emt 00:02:50]} 6. b3 {[%clk 01:26:23]} {[%emt
00:03:08]} Nbd7 {[%clk 01:22:32]} {[%emt 00:02:27]} 7. Bb2 {[%clk 01:24:08]}
{[%emt 00:02:45]} b6 {[%clk 01:20:42]} {[%emt 00:02:20]} 8. Bd3 {[%clk
01:23:40]} {[%emt 00:00:58]} Bb7 {[%clk 01:21:07]} {[%emt 00:00:05]} 9. O-O
{[%clk 01:23:28]} {[%emt 00:00:42]} Be7 {[%clk 01:21:16]} {[%emt 00:00:21]} 10.
Qe2 {[%clk 01:21:57]} {[%emt 00:02:01]} O-O {[%clk 01:11:32]} {[%emt 00:10:15]}
11. Rfd1 {[%clk 01:20:15]} {[%emt 00:02:11]} c5 {[%clk 01:04:14]} {[%emt
00:07:48]} 12. cxd5 {[%clk 01:17:29]} {[%emt 00:03:15]} exd5 {[%clk 01:02:09]}
{[%emt 00:02:37]} 13. Rac1 {[%clk 01:15:43]} {[%emt 00:02:15]} Re8 {[%clk
01:00:53]} {[%emt 00:01:47]} 14. Qf1 {[%clk 01:02:47]} {[%emt 00:13:25]} Bd6
{[%clk 00:50:12]} {[%emt 00:11:11]} 15. Ne2 {[%clk 00:59:44]} {[%emt 00:03:33]}
Qe7 {[%clk 00:45:25]} {[%emt 00:05:16]} 16. Ng3 {[%clk 00:56:54]} {[%emt
00:03:21]} g6 {[%clk 00:44:59]} {[%emt 00:00:57]} 17. Bb1 {[%clk 00:52:21]}
{[%emt 00:05:03]} Ng4 {[%clk 00:43:04]} {[%emt 00:02:25]} 18. Qe2 {[%clk
00:47:44]} {[%emt 00:05:07]} Qf8 {[%clk 00:35:58]} {[%emt 00:07:35]} 19. Nf1
{[%clk 00:46:16]} {[%emt 00:01:58]} f5 {[%clk 00:35:34]} {[%emt 00:00:55]} 20.
h3 {[%clk 00:45:33]} {[%emt 00:01:12]} Ngf6 {[%clk 00:35:17]} {[%emt 00:00:46]}
21. Ba1 {[%clk 00:39:09]} {[%emt 00:06:55]} a5 {[%clk 00:32:12]} {[%emt
00:03:35]} 22. Bd3 {[%clk 00:36:28]} {[%emt 00:03:11]} Bc6 {[%clk 00:24:30]}
{[%emt 00:08:12]} 23. Bb5 {[%clk 00:32:19]} {[%emt 00:04:39]} Bxb5 {[%clk
00:24:40]} {[%emt 00:00:20]} 24. Qxb5 {[%clk 00:32:41]} {[%emt 00:00:08]} a4
{[%clk 00:24:43]} {[%emt 00:00:27]} 25. Ne5 {[%clk 00:28:00]} {[%emt 00:05:11]}
Nxe5 {[%clk 00:23:33]} {[%emt 00:01:40]} 26. dxe5 {[%clk 00:28:09]} {[%emt
00:00:21]} Bxe5 {[%clk 00:23:59]} {[%emt 00:00:04]} 27. Bxe5 {[%clk 00:27:45]}
{[%emt 00:00:55]} Rxe5 {[%clk 00:24:22]} {[%emt 00:00:07]} 28. Qxb6 {[%clk
00:26:36]} {[%emt 00:01:39]} axb3 {[%clk 00:22:58]} {[%emt 00:01:54]} 29. axb3
{[%clk 00:26:22]} {[%emt 00:00:44]} Rc8 {[%clk 00:19:43]} {[%emt 00:03:42]} 30.
Nd2 {[%clk 00:23:05]} {[%emt 00:03:49]} Qe7 {[%clk 00:19:09]} {[%emt 00:01:04]}
31. Rc2 {[%clk 00:17:03]} {[%emt 00:06:32]} Re6 {[%clk 00:19:14]} {[%emt
00:00:25]} 32. Qb5 {[%clk 00:17:11]} {[%emt 00:00:22]} Qa7 {[%clk 00:16:04]}
{[%emt 00:03:39]} 33. Qd3 {[%clk 00:15:18]} {[%emt 00:02:24]} Qa6 {[%clk
00:13:59]} {[%emt 00:02:34]} 34. Qc3 {[%clk 00:13:31]} {[%emt 00:02:17]} Rec6
{[%clk 00:14:22]} {[%emt 00:00:08]} 35. Rdc1 {[%clk 00:13:18]} {[%emt
00:00:43]} Nd7 {[%clk 00:13:02]} {[%emt 00:01:50]} 36. Ra1 {[%clk 00:12:40]}
{[%emt 00:01:08]} Qb6 {[%clk 00:10:28]} {[%emt 00:03:05]} 37. Rca2 {[%clk
00:11:30]} {[%emt 00:01:40]} Qb8 {[%clk 00:07:12]} {[%emt 00:03:45]} 38. Ra7
{[%clk 00:09:04]} {[%emt 00:02:56]} Qe5 {[%clk 00:07:30]} {[%emt 00:00:12]} 39.
Qxe5 {[%clk 00:07:32]} {[%emt 00:02:02]} Nxe5 {[%clk 00:07:56]} {[%emt
00:00:04]} 40. Re7 {[%clk 00:07:51]} {[%emt 00:00:11]} Nf7 {[%clk 00:08:25]}
{[%emt 00:00:01]} 41. Raa7 {[%clk 00:08:08]} {[%emt 00:00:14]} Rf6 {[%clk
00:08:51]} {[%emt 00:00:04]} 42. Rac7 {[%clk 00:07:24]} {[%emt 00:01:14]} Rxc7
{[%clk 00:07:54]} {[%emt 00:01:27]} 43. Rxc7 {[%clk 00:07:52]} {[%emt
00:00:02]} c4 {[%clk 00:06:58]} {[%emt 00:01:26]} 44. bxc4 {[%clk 00:08:14]}
{[%emt 00:00:08]} dxc4 {[%clk 00:07:25]} {[%emt 00:00:03]} 45. Nxc4 {[%clk
00:08:19]} {[%emt 00:00:25]} Nd6 {[%clk 00:06:59]} {[%emt 00:00:56]} 46. Rc6
{[%clk 00:06:24]} {[%emt 00:02:25]} Ne4 {[%clk 00:07:25]} {[%emt 00:00:04]} 47.
Rxf6 {[%clk 00:05:31]} {[%emt 00:01:22]} Nxf6 {[%clk 00:07:54]} {[%emt
00:00:01]} 48. Kf1 {[%clk 00:05:47]} {[%emt 00:00:14]} Kf7 {[%clk 00:08:21]}
{[%emt 00:00:03]} 49. Ke2 {[%clk 00:06:07]} {[%emt 00:00:10]} Ke6 {[%clk
00:08:48]} {[%emt 00:00:03]} 50. Nd2 {[%clk 00:06:12]} {[%emt 00:00:25]} g5
{[%clk 00:08:39]} {[%emt 00:00:39]} 51. Kd3 {[%clk 00:05:51]} {[%emt 00:00:51]}
Kd5 {[%clk 00:08:10]} {[%emt 00:00:57]} 52. f3 {[%clk 00:05:58]} {[%emt
00:00:25]} h5 {[%clk 00:07:49]} {[%emt 00:00:51]} 53. g3 {[%clk 00:05:05]}
{[%emt 00:01:24]} g4 {[%clk 00:07:20]} {[%emt 00:00:58]} 54. e4+ {[%clk
00:04:22]} {[%emt 00:01:13]} Ke6 {[%clk 00:06:36]} {[%emt 00:01:14]} 55. hxg4
{[%clk 00:04:06]} {[%emt 00:00:47]} hxg4 {[%clk 00:06:25]} {[%emt 00:00:41]} 56.
f4 {[%clk 00:03:23]} {[%emt 00:01:12]} fxe4+ {[%clk 00:06:14]} {[%emt
00:00:41]} 57. Nxe4 {[%clk 00:03:44]} {[%emt 00:00:09]} Nh5 {[%clk 00:06:18]}
{[%emt 00:00:26]} 58. Kd4 {[%clk 00:02:43]} {[%emt 00:01:31]} Kf5 {[%clk
00:05:14]} {[%emt 00:01:34]} 59. Ke3 {[%clk 00:02:59]} {[%emt 00:00:14]} Ke6
{[%clk 00:05:01]} {[%emt 00:00:42]} 60. Kf2 {[%clk 00:03:20]} {[%emt 00:00:11]}
Kf5 {[%clk 00:04:27]} {[%emt 00:01:05]} 61. Nd6+ {[%clk 00:03:21]} {[%emt
00:00:27]} Ke6 {[%clk 00:04:44]} {[%emt 00:00:13]} 62. Nc4 {[%clk 00:03:15]}
{[%emt 00:00:36]} Kf5 {[%clk 00:04:21]} {[%emt 00:00:54]} 63. Ne3+ {[%clk
00:02:43]} {[%emt 00:01:01]} Ke4 {[%clk 00:04:46]} {[%emt 00:00:05]} 64. Nxg4
{[%clk 00:03:01]} {[%emt 00:00:12]} Nxf4 {[%clk 00:05:09]} {[%emt 00:00:06]} 65.
Ne5 {[%clk 00:02:30]} {[%emt 00:01:02]} Kxe5 {[%clk 00:05:24]} {[%emt
00:00:15]} 66. gxf4+ {[%clk 00:02:58]} {[%emt 00:00:03]} Kxf4 {[%clk 00:05:40]}
{[%emt 00:00:14]} 1/2-1/2